000 00731nam a22001937a 4500
999 _c175932
_d175932
005 20201012162332.0
010 _aUR-10884
020 _c350.00
_a9789389733129
035 _aU-9439
037 _bDBAD/PUB
082 _a840.8
100 _aسيد شا ہد ا قبا ل
245 _aعشر ت گيا و ی حيا ت ا و ر شا عر ی (تنقيد)
_c سيد شا ہد ا قبا ل
246 _bIshrat Gayavi-Hayat-o-Shairy (Urdu)
_aby Dr. Syed Shahid Iqbal
260 _aN.Delhi
_bEducational Publishing House
_c2019 ء
270 _aH.O.D1/16,Ansari Road,Darya ganj,
_bN.Delhi
_e110002
_k45678285,23216162
_l0091-11-23211540
300 _a336 ص
_c22 Cm(Hb)
942 _2ddc
_cUR
_h840.8
_mس ی د